000 00229nam a22000857a 4500
008 160624b xxu||||| |||| 00| 0 eng d
100 _91064
_aKennedy, J.F
245 _aProfiles in Courage
260 _aN.Y
_b Harper & Row Publication
_c1964
999 _c850
_d850